000 00624nam a2200229Ia 4500
003 OSt
005 20221007063327.0
006 a|||||r|||| 00| 0
007 ta
008 221006b |||||||| |||| 00| 0 eng d
024 _a6,612
037 _cTextual
040 _aFLL
_cFLL
_beng
041 _2eng
_aeng
082 _aV2:2:9Z, G7
100 _aGharekhan M.M. Au.
_9684044
245 0 _aConstitutional law of india and england
260 _aBombay
_bThe popular book depot. India
_c1937
300 _a789p
_ccm.
942 _hV2:2:9Z, G7
_cTEXL
_2CC
999 _c1130978
_d1130978